[Event "Selfoss Milk Masters 1st"]
[Site "Selfoss"]
[Date "2002.10.10"]
[Round "3"]
[White "Kristjansson, Stefan"]
[Black "McShane, Luke J"]
[Result "0-1"]
[WhiteElo "2431"]
[BlackElo "2546"]
[Annotator "Rabinovich,Al"]
[PlyCount "54"]
[EventDate "2002.10.08"]
[EventType "tourn"]
[EventRounds "9"]
[EventCountry "ISL"]
[EventCategory "12"]
[SourceTitle "CBM 092"]
[Source "ChessBase"]
[SourceDate "2003.02.06"]
[SourceVersion "1"]
[SourceVersionDate "2003.02.06"]
[SourceQuality "1"]

1. e4 c5 2. Nf3 Nc6 3. Bb5 g6 4. O-O Bg7 5. c3 Nf6 6. Re1 (6. e5 {Alternative
for 6.Re1} Nd5 7. d4 cxd4 8. cxd4 O-O 9. Nc3 Nxc3 10. bxc3 $14 {1-0 Peng
Xiaomin-Bu Xiangzhi/Suzhou 2001/EXT 2002 (31)}) 6... O-O 7. h3 $5 {[%csl Gg4]}
(7. d4 cxd4 8. cxd4 d5 9. e5 Ne4 10. Nc3 (10. Bxc6 bxc6 11. Nbd2 c5 12. dxc5
Nxc5 13. Nb3 Nxb3 14. Qxb3 d4 $132 {1/2-1/2 Volzhin,A-Motylev,A/Dubai UAE 2002/
The Week in Chess 390 (26)}) 10... Bf5 11. Nh4 Be6 12. Bxc6 bxc6 13. Na4 g5 14.
Nf3 f6 $132 {1/2-1/2 Kasparov,G-Shirov,A/Linares ESP 2002/The Week in Chess
382 (26)}) 7... e5 (7... Qc7 $5 8. d4 cxd4 9. cxd4 d5 10. e5 Ne4 11. Nc3 Nxc3
12. bxc3 Na5 $13 {[%csl Rc3][%cal Ga5c4,Gc8d7] 0-1 Christiansen,L-Gurevich,D/
Salt Lake City 1999/CBM 73 (60)}) (7... Qb6 8. Na3 d6 9. Bf1 Qc7 10. Nc2 Rd8
11. d3 h6 12. a3 Be6 $11 {1-0 Benjamin,J-Garcia,G/Connecticut USA 2002/The
Week in Chess 387 (58)}) 8. d3 {White chooses not to fight for the center
imediatly,but first to finish development.} (8. d4 $5 cxd4 9. cxd4 Nxd4 10.
Nxd4 exd4 11. e5 Ne8 12. Qxd4 d6 $11 {1/2-1/2 Karjakin,S-Balashov,Y/Moscow RUS
2002/The Week in Chess 379 (23)}) 8... d6 9. Nbd2 Bd7 (9... Ne8 $1 {This move
allows black to play on both flanks.} 10. a4 Nc7 11. Bc4 Kh8 12. Rb1 a6 $15 {
[%cal Gb7b5,Gf7f5] 0-1 Asanov,T-Smirnov,P/Vladimir RUS 2002/The Week in Chess
384 (36)}) 10. a3 {[%csl Gb4][%cal Gb2b4,Gd3d4]} Ne8 (10... a6 11. Bc4 b5 12.
Ba2 h6 13. b4 cxb4 14. cxb4 Kh7 15. Bb2 $14 {0-1 Neelotpal,D-Ni Hua/Goa IND
2002/The Week in Chess 424 (32)}) 11. Nf1 (11. b4 $5 Nc7 12. Ba4 b5 13. Bb3 a5
$132 {1/2-1/2 Schlosser,P-Muse,M/Bad Neuenahr 1987/CBM 04 (40)}) 11... h6 $5 {
[%cal Gf7f5,Gg8h7]} 12. g4 $4 {[%mdl 16384] This was really unnesassary.f5
isn't such a big threat,that white should open up his king.} (12. Ne3 $142 $5
f5 13. exf5 gxf5 14. Nd5 {[%cal Gb2b4,Gd3d4]}) 12... f5 $36 13. Bc4+ $6 (13.
exf5 $142 gxf5 14. g5 f4 15. d4 {Well may be at least to open complitely the
center for counterplay!?}) 13... Kh7 14. Ne3 $2 {Another mistake,after which
black gets a very strong attack.} f4 (14... fxg4 $6 15. hxg4 Qf6 {Tempting,but
white has a nice trick.} 16. Kg2 Qf4 {[%csl Gg4]} 17. Rh1 $1 Bxg4 18. Ng5+ $1
Qxg5 19. Nxg4 {[%cal Gc1h6] And white is better.}) 15. Nd5 h5 $40 16. gxh5 (16.
Nh2 $6 Qh4 17. Nf3 Qd8 (17... Qxh3 $2 18. Ng5+ {[%cal Gg5h7,Gg5h3]}) 18. Nh2)
16... g5 {[%csl Rh3]} 17. Kg2 g4 18. hxg4 Bxg4 {The extra pawn of white
doesn't help him much,but black initiative gets dangerous.} 19. Rg1 (19. Rh1
$142 Bh6 20. Bd2 Ng7 $40 {[%cal Gg7e6,Ge6g5,Ge6d4]}) 19... Bh6 20. Kf1 Bxh5 $17
21. Rh1 $6 (21. Ke1 $140 $5 $17 {[%cal Ge1d2,Gd2c2]} Ng7 22. Qe2 Ne6 (22... Qd7
$17 {[%cal Gd7h3,Gf8f7,Ga8g8]}) 23. Rh1 $1 {[%cal Gf3g5,Ge2h5] And white
survives.}) 21... Ng7 22. Ke2 $2 {[%cal Gh5d1]} (22. Ke1 $142 $17) 22... Qg5 {
[%cal Gg5g4,Gg5g2,Gg2h1,Gg2f3]} 23. Qf1 $4 {[%mdl 8192] Loosing by force!} (23.
Rg1 Qh4 $19 {[%cal Gg7e6,Ge6d4,Gh4h3,Gh3f3]}) (23. Qg1 Qxg1 24. Rxg1 Ne6 $19 {
[%cal Ge6d4,Ge6g5]}) (23. Rh2 $8 $17 {[%cal Gd1h1] Waiting mode!?}) {[%tqu
"En","How black can finish the game?","","","g7e6","Correct,white has no
defence against Nd4",10]} 23... Ne6 $19 {[%cal Ge6d4,Gc6d4,Gh5e2]} 24. Nf6+ $6
(24. Rh3 $142 {Better,but loosing anyway.} Bxf3+ 25. Rxf3 Ncd4+ 26. cxd4 Nxd4+
27. Kd1 Qg4 $19) 24... Rxf6 25. Bxe6 Rxe6 26. Qh3 Bg4 27. Bd2 Bxh3 (27... Bxh3
28. Nxg5+ Bxg5 29. Rxh3+ Rh6 {With easy winning.}) 0-1

[Event "EU-Cup 18th"]
[Site "Kallithea"]
[Date "2002.09.25"]
[Round "4.4"]
[White "Kobalia, Mihail"]
[Black "Roiz, Michael"]
[Result "1-0"]
[WhiteElo "2625"]
[BlackElo "2507"]
[Annotator "Rabinovich,Al"]
[PlyCount "51"]
[EventDate "2002.09.22"]
[EventType "team-swiss"]
[EventRounds "7"]
[EventCountry "GRE"]
[SourceTitle "CBM 092"]
[Source "ChessBase"]
[SourceDate "2003.02.06"]
[SourceVersion "1"]
[SourceVersionDate "2003.02.06"]
[SourceQuality "1"]
[WhiteTeam "Tomsk 400"]
[BlackTeam "Beer Sheva"]
[WhiteTeamCountry "RUS"]
[BlackTeamCountry "ISR"]

1. e4 c5 2. Nf3 Nc6 3. Bb5 g6 4. Bxc6 bxc6 5. O-O Bg7 6. Re1 {Another possible
moves here:} (6. d3 d6 7. Nc3 (7. h3 e5 8. Nc3 Ne7 9. Nh2 O-O 10. f4 c4 11.
dxc4 exf4 12. c5 dxc5 13. Bxf4 f5 14. Bg5 Bd4+ 15. Kh1 fxe4 16. Nxe4 $16 {
1-0 Annageldyev,O-Hossain,E/Calcutta 2001/CBM 85 (53)}) 7... e5 8. Ne1 Ne7 9.
f4 exf4 10. Bxf4 O-O 11. Qd2 c4 12. d4 c5 13. dxc5 dxc5 14. Qxd8 Rxd8 15. Nf3
$14 {1-0 Sandipan,C-Filippov,V/Dubai 2001/CBM 83 (57)}) 6... Nh6 {It seems to
become the most solid setup for black pieces in this line.} (6... d6 7. c3 (7.
h3 e6 8. e5 d5 9. d3 Ne7 10. Be3 Qb6 11. b3 Nf5 12. Bc1 c4 13. dxc4 dxc4 14.
Ba3 $14 {1-0 Kryschilovskij,A-Geller,J/St Petersburg RUS 2002/The Week in
Chess 417 (41)}) 7... Bg4 8. h3 Bxf3 9. Qxf3 e5 10. d3 Ne7 11. Bg5 {1/2-1/2
Lendwai,R-Stanec,N/Mureck 2001/CBM 83 ext (11)}) 7. c3 O-O 8. d4 cxd4 9. cxd4
d6 (9... f6 {Leads in most of the cases to the same as the text...} 10. b3 (10.
Nc3 Nf7 11. e5 (11. b3 d6 12. Bb2 Bb7 $6 13. Qe2 Rc8 14. Na4 Qa5 15. Nd2 Ba6
16. Nc4 Qc7 17. Qc2 $14 {1-0 Miroshnichenko,E-Smetankin,S/Polanica Zdroj 2001/
EXT 2002 (65)}) 11... fxe5 12. dxe5 d6 13. exd6 exd6 14. Nd4 Qb6 15. Nb3 Ne5
$15 {0-1 Maximov,D-Baklan,V/Alushta 2001/EXT 2002 (25)}) 10... Nf7 11. Nbd2 d6
12. Bb2 Ba6 13. Rc1 Rc8 14. b4 e5 15. Nb3 Qb6 16. Bc3 Bc4 17. Qc2 Be6 18. h3
Qa6 19. Na5 c5 20. bxc5 dxc5 21. d5 Bd7 22. Nd2 $14 {[%csl Gc4,Rg7] 1-0
Morozevich,A-Kasimdzhanov,R/Wijk aan Zee NED 2002/The Week in Chess 376 (69)})
(9... d5 $6 {Not in the mood of this setup.} 10. e5 f6 11. Qa4 Qb6 12. exf6
exf6 13. b3 Bg4 14. Ba3 Rfc8 15. Bc5 Qb7 16. Nbd2 a6 17. Qa5 Qb5 18. Qc3 Re8
19. Rac1 $14 {[%csl Rc6,Rg7] 1/2-1/2 Minasian,A-Vokarev,S/Ubeda 2001/CBM 80
ext (53)}) 10. h3 f6 (10... Bd7 11. Nc3 Qa5 $2 12. Be3 f6 13. a3 Rab8 14. Qd2
Nf7 15. b4 Qh5 16. Ne2 g5 17. d5 $1 $16 {[%csl Rf5,Rg7,Rh5][%cal Ge2d4,Gd4e6,
Gd4c6,Gd4f5] 1-0 Khalifman,A-Gamboa,N/New York 1998/EXT 99 (51)}) 11. b3 (11.
Nc3 $6 {It seeme like white should wait with this development and always
threat Nbd2->Nc4 so c-file will be open and black light square bishop will
busy with the defence of c6 point.} Nf7 12. b3 e5 13. Bb2 Qb6 14. Rc1 Ba6 15.
Rc2 Rfe8 16. d5 c5 17. Na4 Qd8 18. Bc3 f5 $132 {0-1 Slipak,S-Sorokin,M/Pico
City 1996/EXT 98 (50)}) 11... Nf7 12. Bb2 {This is the critical point where
black must decide what to do.He must choose between: 1.Opening up the position
for his bishops and his rook through the f-file 2.Opening up the center, but
not too much and still to remain in a slightly worse position through e5!? 3.
Or other moves preparing previous 2 moves like:1.Re8 2The move in the game Bd7.
... It is hard to say which is better,but for sure black must be aware of
opening the center too much since white pieces are ready for it!} Bd7 (12... e5
$5 13. Nbd2 Be6 14. Rc1 Qb6 15. dxe5 fxe5 16. Re3 Bh6 17. Rec3 Rac8 $132 {
[%csl Ge6,Gh6] 1-0 Hracek,Z-Jakubiec,A/CZE 2001/The Week in Chess 388 (50)
White still keeps some adge,but black has a pair of nice bishops and chances
for counterplay.}) (12... f5 13. Qc2 fxe4 14. Qxe4 Bd7 15. Nc3 Bf6 16. Qe3 Qa5
17. Rad1 $14 {[%csl Re7,Rf6][%cal Gc3e4] 1-0 Bologan,V-Yakovich,Y/Novgorod
1995/EXT 2000 (41)}) (12... Re8 $6 {[%cal Ge7e5]} 13. Nbd2 Be6 14. Rc1 Rc8 15.
Nc4 d5 16. exd5 Bxd5 17. Ba3 $14 {[%csl Ra7,Rc6,Rg7] 1/2-1/2 Li
Ruofan-Kovalevskaya,E/Hyderabad IND 2002/The Week in Chess 414 (35)}) 13. Nbd2
Rc8 14. Rc1 $14 {Well as a result of the opening,white sshould be satisfied.He
is slightly better,but black's solid structure should prevent any breakes in
the center neither on the flanks.} f5 $6 {This move drags black into troubles.}
(14... e5 $5 15. Nc4 Be6 $14) 15. exf5 $5 (15. e5 $5 {[%cal Ge5e6]} Be6 $2 (
15... dxe5 16. dxe5 {[%cal Gg7b2]} Be6 {[%cal Ge6d5] Black should hold the
position.}) 16. exd6 Qxd6 17. Qe2 $16) 15... Bxf5 16. Nc4 Bh6 $6 (16... Rc7
$142 $5 {[%cal Gf5c8,Gc7e7] Deserved more attention.}) 17. Ne3 $1 $16 Be4 (
17... Bd7 18. d5 $16 {[%csl Rg8][%cal Gb2h8,Gd1d4]}) 18. Nd2 $1 {White plays
very sharp.} Bd3 $2 {This one already ruins the position after next white move.
....} (18... Bxe3 $8 19. Rxe3 (19. fxe3 Bf5 20. e4 Bd7 21. Nf3 {[%csl Gd4,Ge4]
Still was better for black than the game.}) 19... Bd5) (18... Bd5 $6 19. Nxd5
cxd5 20. Rxc8 Qxc8 21. Rxe7) {[%tqu "En","How white should use the fact that
black bishops places badly?","","","d4d5","Correct,now white develops a strong
initiative.",10]} 19. d5 $1 {[%csl Rd3][%cal Gb2h8] Now black is almost lost!}
Ne5 (19... Qa5 20. dxc6 Qxa2 21. Bc3 {[%cal Gc1a1]} Qa6 22. Nd5 $18 {[%csl Re7]
[%cal Gd5e7]}) (19... c5 $142 20. Ndc4 {[%csl Rd3]} Bxc4 21. Rxc4 $40 {[%cal
Gc4h4]}) 20. Bxe5 $18 dxe5 21. Ng4 {Both black bishops are only the target for
white pieces!} Bg5 22. Rxc6 Rxc6 (22... Qxd5 23. Rxc8 Rxc8 24. Rxe5 $18 {
[%cal Ge5d5,Ge5g5]}) 23. dxc6 h5 $6 (23... Bf6 24. Nxe5 Bxe5 25. Rxe5 Qd6 26.
Nf3 $18) 24. Nxe5 Rxf2 {Illusion!?} 25. Ndf3 $1 {[%csl Rd3,Rf2][%cal Gf3d4,
Re5d3,Rd1d3,Gf3g5] Now too many black pieces are under threat....} (25. Kxf2 $4
Qd4+ 26. Kg3 Qf4#) 25... Qb6 26. Kh1 (26. Kh1 Bf5 27. Nxg5 $18) 1-0

[Event "LTU-ch"]
[Site "Vilnius"]
[Date "2002.05.19"]
[Round "3"]
[White "Kveinys, Aloyzas"]
[Black "Sarakauskas, Gediminas"]
[Result "1/2-1/2"]
[WhiteElo "2559"]
[BlackElo "2388"]
[Annotator "Rabinovich,Al"]
[PlyCount "91"]
[EventDate "2002.05.17"]
[EventType "tourn"]
[EventRounds "11"]
[EventCountry "LTU"]
[EventCategory "9"]
[SourceTitle "CBM 090"]
[Source "ChessBase"]
[SourceDate "2002.09.20"]
[SourceVersion "1"]
[SourceVersionDate "2002.09.20"]
[SourceQuality "1"]

1. e4 {[%mdl 10272]} c5 2. Nf3 Nc6 3. Bb5 g6 4. O-O Bg7 5. c3 (5. Re1 $5 e5 (
5... Nf6 6. Nc3 O-O 7. e5 Ne8 8. d3 Nc7 9. a4 b6 10. Bxc6 dxc6 11. a5 Bg4 12.
h3 Bxf3 13. Qxf3 Ne6 14. Be3 Qc7 {1/2-1/2 Timman,J-Khalifman,A/Hoogeveen 2000/
CBM 80 (14)}) 6. Bxc6 dxc6 7. d3 (7. a3 $5 {An interesting idea,preparing
quick b4!} Qe7 8. b4 cxb4 9. axb4 Nf6 10. Bb2 Bg4 11. h3 Bxf3 12. Qxf3 O-O 13.
Qb3 $14 {[%csl Rg7][%cal Gb4b5,Ga1a7] 1/2-1/2 Timman,J-Kasimdzhanov,R/Wijk aan
Zee NED 2002/The Week in Chess 377 (37)}) 7... Bg4 8. Nbd2 Nf6 9. Nc4 Bxf3 10.
Qxf3 Qe7 11. Bd2 O-O 12. a3 Qe6 13. b4 $14 {1/2-1/2 Adams,M-Kasimdzhanov,R/
Luebeck GER 2002/The Week in Chess 385 (56)}) 5... Nf6 6. Re1 (6. Qa4 $6 O-O 7.
d4 cxd4 8. cxd4 d6 9. Nc3 Bd7 10. d5 Nb8 11. Be3 a6 12. Bxd7 Nbxd7 {0-1
Morozevich,A-Anand,V/Frankfurt 2000/CBM 78 (34) And black got a good game.})
6... O-O 7. h3 (7. d4 $5 {Worth some more attantion.} cxd4 (7... d5 $5 8. e5
Ne4 9. Bxc6 bxc6 10. Nbd2 cxd4 11. cxd4 c5 12. dxc5 Nxc5 13. Nb3 Nxb3 14. Qxb3
d4 15. Qd3 Bb7 $44 {1/2-1/2 Grischuk,A-Leko,P/Dubai UAE 2002/The Week in Chess
387 (29)}) 8. cxd4 d5 9. e5 Ne4 10. Nc3 Bf5 11. Nh4 Be6 12. Bxc6 bxc6 13. Na4
g5 $1 14. Nf3 f6 $1 $11 {[%csl Ra4,Rc1,Rf3] 1/2-1/2 Kasparov,G-Shirov,A/
Linares ESP 2002/The Week in Chess 382 (26) Despite the weaknesses on kingside,
black managed to reach a very promising position.}) 7... d5 (7... Qc7 $1 {
Very logical.As white is going to play d4,black prepares to place the Kc4.} 8.
d4 cxd4 9. cxd4 d5 10. e5 Ne4 11. Nc3 Nxc3 12. bxc3 Na5 13. Ba3 Bd7 $1 $132 {
[%cal Gc7c3,Ra5c4] 0-1 Christiansen,L-Gurevich,D/Salt Lake City 1999/CBM 73 
(60)}) (7... Qb6 $5 8. Na3 d6 9. d3 e5 10. Be3 a6 11. Nc4 Qc7 12. Bxc6 Qxc6 $15
{0-1 Campora,D-Yakovich,Y/Santo Antonio 1999/CBM 70 ext (88)}) 8. e5 Ne8 9.
Bxc6 $6 {Was no need to hurry!} (9. d4 $1 cxd4 10. cxd4 Qb6 11. Nc3 Nc7 12.
Bxc6 Qxc6 13. Be3 b6 14. Qd2 Ba6 15. Bh6 $40 {[%csl Ra6,Rc7,Rg8] 1-0 Tseitlin,
M-Geiser,L/Bonnevoie 1998/EXT 99 (33)}) 9... bxc6 10. d4 c4 $5 {Interesting
desicion! Black decides instead of usual opening the position for his bishops,
he closes.} 11. Nbd2 (11. Bg5 $142 {[%cal Gb1d2,Gg5e7]} Rb8 12. b4 cxb3 13.
axb3 $14 {[%cal Ga1a7,Gb1d2]}) 11... Nc7 12. b3 cxb3 13. Nxb3 (13. axb3 Bf5 14.
Nf1 Nb5 $11 {[%cal Gc6c5,Gd8b6]}) 13... h6 {[%csl Rg5]} 14. Be3 Ne6 {[%cal
Ga7a5,Ga5a4,Ge6c5,Gb3c5]} 15. Qd2 Kh7 $13 16. Nh2 {[%cal Gh2g4,Gg4h6]} f5 $1 {
[%cal Gf5f4] Very sharp replay!} (16... h5 $6 17. f4 Nc7 18. g4 hxg4 19. hxg4
Rh8 20. Qg2 Kg8 21. Nf3 $36 {[%cal Gg1f2,Ge1h1]}) 17. exf6 (17. f4 $5 {[%csl
Re3]} a5 18. Nf3 a4 19. Nc5 $14) 17... exf6 18. f4 (18. Nf3 Ng5 $1 {[%cal
Gc8f5]} 19. Nxg5+ fxg5 $15 {[%csl Re3]}) 18... Nc7 $1 19. Nc5 Re8 20. Bf2 Bf5
$132 21. g4 $6 {Opening the white king?! White light pieces don't find
suitible place and white gets worse position.} (21. Rxe8 Nxe8 {[%cal Ge8d6,
Gd6e4,Gd6c4]} 22. Nf1 Nd6 $15) 21... Be4 22. Nxe4 dxe4 $15 {[%cal Gf6f5]} 23.
f5 gxf5 $1 {Again,best desicion! The pawn on f5 will be a weakness.} 24. gxf5
Qd7 {[%csl Ge4,Rf5]} 25. Bg3 $8 Nd5 {[%csl Rf5][%cal Ge4e3]} 26. Rf1 h5 $1 {
[%cal Gg7h6] Black shows some good dynamic play! The bishop is entering the
game from h6.} 27. Qe2 Qf7 (27... Nxc3 $5 28. Qxh5+ Kg8 {[%csl Rd4][%cal Ge4e1]
} 29. Kh1 Qxd4 30. Rg1 e3 {[%csl Ge4][%cal Gc3e4,Ge4f2,Ge4g5,Gd4e4] The most
important square!} 31. Ng4 Kf8 $1 32. Nh6 {[%cal Gh5f7]} Qd5+ 33. Kh2 e2 (33...
Re7 $1 $17) 34. Be1 {[%cal Gg1g7]} Ne4 {[%cal Ge4g5,Gg5f3]} 35. Bb4+ c5 36.
Rxg7 $3 Kxg7 37. Qg6+ Kf8 38. Bxc5+ $3 Re7 (38... Qxc5 39. Qf7#) (38... Nxc5
39. Qxf6+) 39. Rg1 (39. Bxe7+ Kxe7 $13) 39... Qe5+ 40. Kg2 {[%cal Gg6g8]} Qd5
41. Kh2 $11) 28. c4 $2 {[%mdl 8192] Sacrafise of 2 pawns or simply a blonder?}
(28. Qc4 $142 {[%cal Ga1e1] This move was better than the one in the text,but
here as well black has a very clear game: Bh6,Ne3,Rg8 with clear advantage.})
28... Nb6 $2 (28... Nc3 $1 29. Qc2 (29. Qe3 Qxc4 {[%cal Gc3e2]} 30. Kh1 Bh6 31.
Qf2 Rg8 $19 {[%cal Ge4e3,Ge3e2,Gc4d5,Gd5h1]}) 29... Qxc4 $19 {[%cal Gc3e2,
Gc4d4]}) 29. Rf4 $1 {White doesn't miss his chance and exchanging a few pieces.
} Bh6 (29... Qxc4 $6 30. Qxh5+ $40 Kg8 31. Re1 Qxd4+ 32. Bf2 Qd3 33. Ng4 Nd5
34. Qg6 {[%cal Gg4h6]} Re7 (34... Nxf4 35. Nxf6+ Kf8 36. Bc5+ $18 {[%cal Ge1e4]
}) 35. Nh6+ Kf8 36. Rfxe4 $18) (29... Nxc4 30. Rh4 $44 (30. Rxe4 Bh6 $15)) 30.
Rh4 (30. Rxe4 $6 Rxe4 31. Qxe4 Rg8 32. Nf1 Qxc4 $15) 30... Rg8 (30... Qxc4 $2
31. Qxh5 Qxd4+ 32. Kg2 Qb2+ 33. Bf2 $18) 31. Nf1 Rg5 32. Rxe4 (32. c5 $6 Nd5
33. Qxe4 Rag8 34. Kh2 Qb7 {[%csl Gd5,Rf1,Rh4][%cal Gb7b2] With very strong
initiative!}) 32... Qxc4 33. Re7+ Bg7 (33... Kh8 $5 34. Qxc4 Nxc4 35. Kh2 Rxf5
{[%cal Ga1c1,Gh6c1]} 36. Rae1 $44) 34. Qxc4 {After an execiting middlegame,the
game enters pretty equal ending.} Nxc4 {[%cal Gh5h4]} 35. Kh2 Rxf5 36. Rc1 Rd8
$1 (36... Nb6 $2 37. Ne3 Ra5 38. Rxc6 Rxa2+ 39. Kh1 Rc8 40. Rxc8 Nxc8 41. Rc7 {
And already black must look for escape!}) 37. Rxc4 Rxf1 38. Rxa7 {The position
rised is equal and none of the opponents takes the risk and the game has the
logical end-draw!} Kg6 39. Kg2 Rd1 $1 {[%cal Gd1d2,Gd2a2,Gd2g2,Gd2d4]} 40. Bf2
Rd2 41. Ra3 h4 42. Kf3 (42. Kf1 Rd6 43. Ra6 Rd5 44. Rc5 Rd1+ 45. Kg2 (45. Ke2
Rh1 $11)) 42... Rd5 43. Rc5 Bf8 $1 44. Rxd5 Bxa3 45. Ra5 Rd3+ 46. Kg2 1/2-1/2

[Event "BCF-ch 89th"]
[Site "Torquay"]
[Date "2002.08.05"]
[Round "7"]
[White "Wells, Peter K"]
[Black "Harikrishna, Pentala"]
[Result "0-1"]
[WhiteElo "2479"]
[BlackElo "2568"]
[Annotator "Rabinovich,Al"]
[PlyCount "54"]
[EventDate "2002.07.29"]
[EventType "swiss"]
[EventRounds "11"]
[EventCountry "ENG"]
[SourceTitle "CBM 091"]
[Source "ChessBase"]
[SourceDate "2002.11.12"]
[SourceVersion "1"]
[SourceVersionDate "2002.11.12"]
[SourceQuality "1"]

1. e4 {[%mdl 24576]} c5 2. Nf3 Nc6 3. Bb5 g6 4. O-O Bg7 5. c3 (5. Re1 $5 Nf6 6.
e5 Nd5 7. Nc3 Nc7 8. Bxc6 dxc6 9. Ne4 {[%cal Ge4c5,Ge4f6] Seems like the best
continuation for white nowdays!}) 5... Nf6 6. Re1 O-O 7. h3 (7. d4 {This move
probably gives white nothing .} cxd4 8. cxd4 d5 9. e5 Ne4 10. Nc3 Bf5 11. Nh4
Be6 12. Bxc6 bxc6 13. Na4 g5 14. Nf3 f6 $1 15. Be3 g4 16. Nd2 fxe5 17. Nxe4
dxe4 18. Nc5 Bf5 19. dxe5 Qxd1 20. Raxd1 Bxe5 21. Nd7 $11 {1/2-1/2 Kasparov,
G-Shirov,A/Linares ESP 2002/The Week in Chess 382 (26)}) 7... Qb6 (7... e5 $5
8. d4 cxd4 9. cxd4 Nxd4 10. Nxd4 exd4 11. e5 Ne8 12. Qxd4 d6 13. Nc3 Bf5 14.
Qb4 a5 15. Qa4 Bxe5 16. Bh6 Bg7 17. Bxg7 Nxg7 18. Rad1 Be6 19. Qf4 d5 20. Qe5
Qb8 21. Qg5 Qd8 22. Qe5 Qb8 23. Qg5 {1/2-1/2 Karjakin,S-Balashov,Y/Moscow RUS
2002/The Week in Chess 379 (23)}) 8. Na3 (8. Bf1 $5 d6 9. Na3 Bd7 10. d3 Rad8
11. Nc4 Qc7 12. Bf4 e5 13. Bh2 Be6 14. Qc2 h6 15. Rad1 Nh7 16. Ne3 Qa5 17. a3
Kh8 18. b4 $14 {1-0 Karjakin,S-Gareev,T/Kuala Lumpur MAS 2002/The Week in
Chess 408 (41)}) 8... d5 $1 {The sharpest continuation.} 9. d3 (9. e5 Ne8 10.
d3 Nc7 11. Ba4 Ne6 12. Nc2 d4 13. cxd4 Ncxd4 14. Ncxd4 cxd4 15. Bb3 $14 {
1-0 Smyslov,V-Polgar,Z/Prague 1995/CBM 48 (29)}) 9... h6 10. e5 Ne8 11. Be3 (
11. Qa4 $1 {[%csl Rh6][%cal Ga4h4]}) 11... Nc7 12. Bxc6 Qxc6 $11 {Black solved
all the opening problems.} 13. Qd2 Kh7 14. d4 b6 {[%csl Ra3]} 15. Nh2 f5 $1 16.
exf6 (16. f4 Ne6 $15 {[%cal Gg6g5]}) 16... exf6 17. c4 $2 {[%mdl 16384]
Opening position for black bishops?!} (17. Nc2 $142 {Preparing d:c5,b4! Taking
control over d4 square!} Re8 18. dxc5 bxc5 19. b4 $14) 17... dxc4 18. dxc5 Bb7
19. Nf3 $6 {Too passive.} (19. f3 $142 Rad8 20. Qf2 b5 21. Nc2) 19... Rad8 20.
Qc2 b5 $17 21. Rad1 a6 22. b3 (22. h4 $140 $5 f5 23. h5) 22... Ne6 $1 23. bxc4
b4 24. Nb1 f5 25. Bc1 $2 {[%mdl 8192]} (25. Rd6 $142 Rxd6 26. cxd6 Qxd6 27. c5
Qc6 $17) 25... Nd4 $19 26. Rxd4 (26. Qd3 Rfe8 $19 {[%cal Gd4e2]}) 26... Rxd4
27. Re7 (27. Bb2 Rd7 28. Bxg7 Rxg7 $19 {[%csl Rc4,Rc5]}) 27... Rd7 0-1